000
002810000a22000970004500
100
1
_a
Reis, Pamela Tamarkin
245
1
0
_a
Eating the blood : Saul and the witch of endor
300
_a
Núm 73 (1997), Páginas 3-23
773
0
_t
Journal for the Study of the Old Testament
942
_c
ANA
999
_c
54859
_d
54859